| 000 | 00942nam a22002177a 4500 | ||
|---|---|---|---|
| 003 | MN-UlNLM | ||
| 005 | 20230215164920.0 | ||
| 008 | 170612s1971 mp ||||| |||| 00| 0 mon d | ||
| 040 | _aМонгол Улсын Үндэсний номын сан | ||
| 041 | _amon | ||
| 084 |
_210-t _a796.8 _bҮ 825 _q7 |
||
| 245 | 0 |
_aҮндэсний бөх 50 жилд _cЭмхт. Ц.Бат-Очир _cЗур. Ж.Даваасүрэн |
|
| 260 | 1 |
_aУБ _bУХГ _c1971 |
|
| 300 | _a6х | ||
| 500 | _aУлсын баяр наадам үзүүр түрүүнд үлдсэн бөхчүүдээс гадна сүүлийн 10 жилд (1961-1970) шөвгөрсөн улсын алдар цолтой бөхчүүдийн жагсаалтыг зурагтай нь хамт танилцуулсан. | ||
| 546 | _aMongolia | ||
| 653 |
_aСоёл, шинжлэх ухаан, боловсрол _aБөх |
||
| 856 | _aprintbook | ||
| 942 | _cBK | ||
| 999 |
_c78083 _d78140 |
||